000 00482nam a2200193Ia 4500
005 20250603144608.0
008 250603s9999 xx 000 0 und d
020 _a9781496355133
050 _aRT 41 .T49/
100 _aHinkle, Janice L.
245 0 _aBrunner & Suddarth’s textbook of medical-surgical nursing
250 _a14th ed.
260 _aPhiladelphia
260 _bWolters Kluwer
260 _c2018
300 _a2212 p
650 _aPhiladelphia
942 _cBK
999 _c39388
_d39388